El contexto de las relaciones con China /
Guardado en:
| Autor principal: | |
|---|---|
| Formato: | Texto |
| Etiquetas: |
Agregar Etiqueta
Sin Etiquetas, Sea el primero en etiquetar este registro!
|
MARC
| LEADER | 00000 a a2200000 04500 | ||
|---|---|---|---|
| 001 | 44728 | ||
| 003 | |||
| 040 | |||
| 100 | |a Urcuyo, Constantino | ||
| 245 | |a El contexto de las relaciones con China / |c Constantino Urcuyo | ||
| 773 | |g páginas 27-36 | ||
| 999 | |c 33786 |d 33786 | ||
